000
00285nam a22001217a 4500
008
170621b xxu||||| |||| 00| 0 eng d
041
_a
eng
080
_a
328
100
_a
20
101
_a
SHP
245
_a
GOVERNMENT AND POLITICS IN TRIBAL SOCIETES
_c
SCHPERA.I
942
_2
udc
_c
BK
999
_c
18459
_d
18459